Normal view MARC view

Entry Personal Name

Number of records used in: 1

001 - CONTROL NUMBER

  • control field: 9668

003 - CONTROL NUMBER IDENTIFIER

  • control field: DLC

005 - DATE AND TIME OF LATEST TRANSACTION

  • control field: 20231005143927.0

008 - FIXED-LENGTH DATA ELEMENTS

  • fixed length control field: 140428n| azannaabn |a aaa

010 ## - LIBRARY OF CONGRESS CONTROL NUMBER

  • LC control number: n 2014023308

016 ## - NATIONAL BIBLIOGRAPHIC AGENCY CONTROL NUMBER

  • Record control number: 1030E0193E

035 ## - SYSTEM CONTROL NUMBER

  • System control number: (OCoLC)oca09745160

040 ## - CATALOGING SOURCE

  • Original cataloging agency: DLC
  • Language of cataloging: eng
  • Description conventions: rda
  • Transcribing agency: DLC
  • Modifying agency: IlMpPL
  • Modifying agency: DLC
  • Modifying agency: MdRoLAC
  • Modifying agency: CaOONL

042 ## - AUTHENTICATION CODE

  • Authentication code: nlc

046 ## - SPECIAL CODED DATES

  • Birth date: 1981-06-02
  • Source of date scheme: edtf

053 #0 - LC CLASSIFICATION NUMBER

  • Classification number element--single number or beginning number of span: PT9877.12.A32

100 1# - HEADING--PERSONAL NAME

  • Personal name: Backman, Fredrik,
  • Dates associated with a name: 1981-

370 ## - ASSOCIATED PLACE

  • Place of birth: Stockholm (Sweden)
  • Associated country: Sweden
  • Place of residence/headquarters: Stockholm (Sweden)
  • Source of term: naf

372 ## - FIELD OF ACTIVITY

  • Field of activity: Authorship
  • Field of activity: Blogs
  • Source of term: lcsh

374 ## - OCCUPATION

  • Occupation: Authors
  • Occupation: Bloggers
  • Source of term: lcsh

377 ## - ASSOCIATED LANGUAGE

  • Language code: swe

378 ## - FULLER FORM OF PERSONAL NAME

  • Fuller form of personal name: Carl Fredrik

400 1# - SEE FROM TRACING--PERSONAL NAME

  • Personal name: Backman, Carl Fredrik,
  • Dates associated with a name: 1981-

670 ## - SOURCE DATA FOUND

  • Source citation: A man called Ove, 2014:
  • Information found: ECIP t.p. (Fredrik Backman) data view (full name: Carl Fredrik Backman; b. June 2, 1981 in Stockholm; Swedish writer and blogger; his first two books were published the same day in 2012, En man som heter Ove (A man called Ove), and, Saker min son behöver veta om världen (Things my son needs to know about the world))

670 ## - SOURCE DATA FOUND

  • Source citation: Beartown, 2019 :
  • Information found: title page (Fredrik Backman) page 4 of cover (lives in Stockholm, Sweden)

700 16 - ESTABLISHED HEADING LINKING ENTRY--PERSONAL NAME

  • Personal name: Backman, Fredrik,
  • Dates associated with a name: 1981-
  • Authority record control number or standard number: (CaOONL)ncf10658783

Powered by Koha